2019 Dodgers Opening Day Roster - Statistics

General Stats
  • This quiz has been taken 224 times
  • The average score is 15 of 28
Answer Stats
Position Player % Correct
IL Clayton Kershaw
97%
In/Outfield Cody Bellinger
96%
Infield Max Muncy
91%
Infield Justin Turner
89%
Infield Corey Seager
83%
C Austin Barnes
80%
P Walker Buehler
80%
In/Outfield Chris Taylor
79%
P Kenley Jansen
76%
In/Outfield Kike Hernandez
75%
P Julio Urias
65%
Outfield Joc Pederson
64%
P Hyun-Jin Ryu
62%
Outfield AJ Pollock
60%
P Kenta Maeda
47%
P Pedro Baez
47%
C Russell Martin
46%
P Joe Kelly
41%
IL Rich Hill
40%
Outfield Alex Verdugo
37%
P Ross Stripling
31%
P Dylan Floro
27%
P Scott Alexander
27%
Infield David Freese
22%
P Caleb Ferguson
17%
P Yimi Garcia
14%
P Brock Stewart
6%
IL Tony Cingrani
6%
No matching quizzes found
Score Distribution
Percent of People with Each Score
Percentile by Number Answered
Your Score History
You have not taken this quiz